[Event "Manizales op 28th"]
[Site "Manizales"]
[Date "2023.01.08"]
[Round "7"]
[White "Zuluaga, Libaniel"]
[Black "Velez, Andres Felipe"]
[Result "1-0"]
[WhiteElo "1600"]
[BlackElo "1755"]
[PlyCount "20"]
[EventDate "2023.01.05"]
[EventType "swiss"]
[EventRounds "8"]
[EventCountry "COL"]
[SourceTitle "CBM 212 Extra"]
[Source "ChessBase"]
[SourceDate "2023.03.31"]
[SourceVersion "1"]
[SourceVersionDate "2023.03.31"]
[SourceQuality "1"]

1. e4 e6 2. Nc3 c5 3. Bc4 Be7 4. d3 Nf6 5. Nge2 0-0 6. Bg5 a6 7. a4 b6 8. f4 Bb7 9. 0-0 d5 10. Bb3 d4 1-0

[Event "Manizales op 28th"]
[Site "Manizales"]
[Date "2023.01.07"]
[Round "5"]
[White "Cadavid, Juan Miguel"]
[Black "Velez, Andres Felipe"]
[Result "1-0"]
[WhiteElo "1929"]
[BlackElo "1755"]
[PlyCount "59"]
[EventDate "2023.01.05"]
[EventType "swiss"]
[EventRounds "8"]
[EventCountry "COL"]
[SourceTitle "CBM 212 Extra"]
[Source "ChessBase"]
[SourceDate "2023.03.31"]
[SourceVersion "1"]
[SourceVersionDate "2023.03.31"]
[SourceQuality "1"]

1. d4 Nf6 2. Nf3 e6 3. c4 d5 4. Nc3 Bb4 5. Bg5 0-0 6. e3 c5 7. Rc1 b6 8. cxd5 exd5 9. Be2 Be6 10. 0-0 c4 11. Ne5 h6 12. Bxf6 Qxf6 13. Nb5 Qd8 14. Qa4 Be7 15. Bf3 a6 16. Nc3 Ra7 17. b3 Bf6 18. Nc6 Nxc6 19. Qxc6 Rd7 20. Qa4 Qc8 21. bxc4 dxc4 22. d5 b5 23. Qc2 Bxc3 24. dxe6 Rd3 25. exf7+ Rxf7 26. Be4 Rfd7 27. Bxd3 Rxd3 28. Rfd1 Rxd1+ 29. Rxd1 Bf6 30. h3 1-0

[Event "Manizales Americas op"]
[Site "Manizales"]
[Date "2022.10.17"]
[Round "8"]
[White "Velez, Andres Felipe"]
[Black "Molina, Gildardo"]
[Result "0-1"]
[WhiteElo "1747"]
[BlackElo "1966"]
[PlyCount "34"]
[EventDate "2022.10.14"]
[EventType "swiss"]
[EventRounds "8"]
[EventCountry "COL"]
[SourceTitle "CBM 210 Extra"]
[Source "ChessBase"]
[SourceDate "2022.11.30"]
[SourceVersion "1"]
[SourceVersionDate "2022.11.30"]
[SourceQuality "1"]

1. e4 c5 2. Nf3 Nc6 3. d4 cxd4 4. Nxd4 g6 5. Be3 Bg7 6. Nc3 d6 7. Bc4 Nf6 8. f3 0-0 9. Qd2 Bd7 10. g4 Nxd4 11. Bxd4 Qc7 12. Bb3 b5 13. h4 a5 14. Bd5 Rac8 15. a3 b4 16. axb4 axb4 17. Ra7 bxc3 0-1

[Event "Manizales Americas op"]
[Site "Manizales"]
[Date "2022.10.16"]
[Round "6"]
[White "Velez, Andres Felipe"]
[Black "Garcia, Julian Alberto"]
[Result "0-1"]
[WhiteElo "1747"]
[BlackElo "1763"]
[PlyCount "40"]
[EventDate "2022.10.14"]
[EventType "swiss"]
[EventRounds "8"]
[EventCountry "COL"]
[SourceTitle "CBM 210 Extra"]
[Source "ChessBase"]
[SourceDate "2022.11.30"]
[SourceVersion "1"]
[SourceVersionDate "2022.11.30"]
[SourceQuality "1"]

1. e4 e5 2. Bc4 Nf6 3. d3 d5 4. exd5 Nxd5 5. Nf3 Nc6 6. 0-0 Nb6 7. Bb3 Be7 8. Re1 Bg4 9. Be3 0-0 10. Nbd2 Nd5 11. Nf1 Nxe3 12. Nxe3 Bh5 13. c3 Bd6 14. Nf5 Qf6 15. Ng3 Bxf3 16. Qxf3 Qxf3 17. gxf3 Na5 18. Bd5 c6 19. Be4 c5 20. Nf5 Rfd8 0-1

[Event "Manizales Americas op"]
[Site "Manizales"]
[Date "2022.10.15"]
[Round "4"]
[White "Velez, Andres Felipe"]
[Black "Hernandez, Cristian Andres"]
[Result "0-1"]
[WhiteElo "1747"]
[BlackElo "2399"]
[PlyCount "82"]
[EventDate "2022.10.14"]
[EventType "swiss"]
[EventRounds "8"]
[EventCountry "COL"]
[SourceTitle "CBM 210 Extra"]
[Source "ChessBase"]
[SourceDate "2022.11.30"]
[SourceVersion "1"]
[SourceVersionDate "2022.11.30"]
[SourceQuality "1"]

1. e4 c6 2. c3 d5 3. e5 Bf5 4. d4 e6 5. Bd3 Ne7 6. Ne2 Qb6 7. Na3 Nd7 8. Nc2 c5 9. 0-0 Bg6 10. Ne1 Nc6 11. Bxg6 hxg6 12. a3 cxd4 13. cxd4 Na5 14. b4 Nc4 15. Nf3 Be7 16. Bg5 f6 17. Bf4 g5 18. exf6 gxf6 19. Bg3 f5 20. Be5 Rh7 21. Re1 g4 22. Nd2 Ndxe5 23. dxe5 Ne3 24. Qa4+ Kf7 25. Nf4 Nc4 26. Nf1 Qd4 27. Ne2 Qxe5 28. Neg3 Qd6 29. Qc2 Bf6 30. Rad1 Qf4 31. Qd3 Nb2 32. Qe2 Nxd1 33. Qxe6+ Kg6 34. Rxd1 d4 35. Qc4 Rc7 36. Qd5 Qe5 37. Qa2 Rac8 38. Qb1 Rc2 39. Re1 Qb5 40. Qd1 Rc1 41. Qd2 R8c2 0-1

[Event "Manizales op 27th"]
[Site "Manizales"]
[Date "2022.01.10"]
[Round "8"]
[White "Sanchez Barreto, Josue Efrain"]
[Black "Velez, Andres Felipe"]
[Result "1-0"]
[WhiteElo "1213"]
[BlackElo "1811"]
[PlyCount "83"]
[EventDate "2022.01.06"]
[EventType "swiss"]
[EventRounds "8"]
[EventCountry "COL"]
[SourceTitle "CBM 206 Extra"]
[Source "ChessBase"]
[SourceDate "2022.03.31"]
[SourceVersion "1"]
[SourceVersionDate "2022.03.31"]
[SourceQuality "1"]

1. Nf3 g6 2. b3 Bg7 3. d4 Nf6 4. Bb2 d5 5. e3 0-0 6. Bd3 c6 7. Ne5 Nbd7 8. f4 Ne8 9. 0-0 f5 10. Nd2 Ndf6 11. Ndf3 Nd6 12. Ng5 h6 13. Ngf3 Kh7 14. Nh4 Ng4 15. Qe2 Nxe5 16. fxe5 e6 17. Nxg6 Kxg6 18. exd6 Qxd6 19. g4 Kh7 20. gxf5 exf5 21. Qh5 Qg6+ 22. Qxg6+ Kxg6 23. Rf3 Rf6 24. Raf1 Bd7 25. c4 Re8 26. cxd5 cxd5 27. Rg3+ Kf7 28. Rgf3 a6 29. Bxf5 Bxf5 30. Rxf5 Rxe3 31. Rxd5 Re2 32. Rd7+ Kg6 33. Rxf6+ Bxf6 34. Bc3 Rc2 35. Bb4 Bxd4+ 36. Rxd4 Rxa2 37. Rd6+ Kf5 38. Bc5 b5 39. Rxh6 a5 40. Rb6 a4 41. Rxb5 axb3 42. Rxb3 1-0

[Event "Manizales op 27th"]
[Site "Manizales"]
[Date "2022.01.08"]
[Round "5"]
[White "Velez, Andres Felipe"]
[Black "Abella, Alfonso"]
[Result "0-1"]
[WhiteElo "1811"]
[BlackElo "1636"]
[PlyCount "28"]
[EventDate "2022.01.06"]
[EventType "swiss"]
[EventRounds "8"]
[EventCountry "COL"]
[SourceTitle "CBM 206 Extra"]
[Source "ChessBase"]
[SourceDate "2022.03.31"]
[SourceVersion "1"]
[SourceVersionDate "2022.03.31"]
[SourceQuality "1"]

1. g3 c5 2. Bg2 d6 3. Nf3 Nf6 4. 0-0 Bd7 5. c4 Nc6 6. Nc3 a6 7. a4 Rb8 8. d3 e6 9. Bd2 h6 10. Qc2 Be7 11. b3 Qc8 12. a5 Bd8 13. Na4 Ne7 14. b4 Ng6 0-1

[Event "Manizales op 27th"]
[Site "Manizales"]
[Date "2022.01.07"]
[Round "3"]
[White "Velez, Andres Felipe"]
[Black "Lopez Londono, Alejandro"]
[Result "1-0"]
[WhiteElo "1811"]
[BlackElo "1408"]
[PlyCount "91"]
[EventDate "2022.01.06"]
[EventType "swiss"]
[EventRounds "8"]
[EventCountry "COL"]
[SourceTitle "CBM 206 Extra"]
[Source "ChessBase"]
[SourceDate "2022.03.31"]
[SourceVersion "1"]
[SourceVersionDate "2022.03.31"]
[SourceQuality "1"]

1. g3 e5 2. Bg2 d5 3. c4 Nf6 4. cxd5 Nxd5 5. Nc3 Nb6 6. Nf3 Nc6 7. 0-0 Be7 8. d3 Be6 9. a3 a5 10. Be3 0-0 11. Rc1 Nd5 12. Bd2 Qd7 13. Re1 Rac8 14. Ne4 b6 15. e3 f6 16. Qa4 Nd8 17. Qc2 Nb7 18. d4 Bd6 19. Neg5 fxg5 20. Nxg5 Bf5 21. Bxd5+ Kh8 22. e4 h6 23. exf5 hxg5 24. Bxb7 Rcd8 25. Bxg5 Rb8 26. Be4 exd4 27. Qe2 Qf7 28. Qg4 c5 29. Bd3 b5 30. Re6 c4 31. Be4 Bc5 32. Bd5 Qxf5 33. Qh5+ Qh7 34. Qxh7+ Kxh7 35. Be4+ Kh8 36. f3 c3 37. Kg2 Bxa3 38. bxa3 b4 39. axb4 axb4 40. Rd6 Rfc8 41. Rxd4 b3 42. Bd5 Kh7 43. Bf7 g6 44. Rd7 b2 45. Ba2+ Kh8 46. Bf6# 1-0

[Event "Manizales Las Americas op-B"]
[Site "Manizales"]
[Date "2021.10.16"]
[Round "5"]
[White "Bastidas Segovia, Samuel Eduardo"]
[Black "Velez, Andres Felipe"]
[Result "1-0"]
[WhiteElo "1921"]
[BlackElo "1748"]
[PlyCount "77"]
[EventDate "2021.10.14"]
[EventType "swiss"]
[EventRounds "9"]
[EventCountry "COL"]
[SourceTitle "EXT 2023"]
[Source "ChessBase"]
[SourceDate "2022.10.05"]
[SourceVersion "1"]
[SourceVersionDate "2022.10.05"]
[SourceQuality "1"]

1. e4 g6 2. d4 Bg7 3. Nc3 d6 4. f4 Nf6 5. Nf3 Bg4 6. Bc4 0-0 7. 0-0 Nbd7 8. Be3 e5 9. h3 exd4 10. Bxd4 Bxf3 11. Qxf3 c6 12. Rad1 Qa5 13. Kh1 Rad8 14. Bb3 b5 15. e5 Nh5 16. e6 Bxd4 17. Rxd4 c5 18. Rxd6 Ndf6 19. Rxd8 Rxd8 20. exf7+ Kh8 21. g4 c4 22. gxh5 cxb3 23. f5 gxh5 24. Qc6 Qb6 25. Qxb6 axb6 26. axb3 Kg7 27. Nxb5 Kxf7 28. Kg2 Ne4 29. Re1 Rd2+ 30. Kf3 Ng5+ 31. Kg3 h4+ 32. Kf4 Kf6 33. Re8 Nxh3+ 34. Kg4 Nf2+ 35. Kxh4 Kxf5 36. Rf8+ Ke5 37. Na3 Ne4 38. Nc4+ Kd4 39. Rd8+ 1-0

[Event "Pereira Forero Cup 2nd"]
[Site "Pereira"]
[Date "2015.04.18"]
[Round "3"]
[White "Velez, Andres Felipe"]
[Black "Pelaez, Hernan"]
[Result "1-0"]
[WhiteElo "1600"]
[BlackElo "1817"]
[PlyCount "99"]
[EventDate "2015.04.17"]
[EventType "swiss"]
[EventRounds "5"]
[EventCountry "COL"]
[SourceTitle "CBM 166 Extra"]
[Source "ChessBase"]
[SourceDate "2015.06.18"]
[SourceVersion "1"]
[SourceVersionDate "2015.06.18"]
[SourceQuality "1"]

1. d4 g6 2. Nf3 Bg7 3. g3 c5 4. c3 b6 5. Bg2 d5 6. 0-0 Bb7 7. Bf4 Nd7 8. Qc1 Rc8 9. dxc5 bxc5 10. Qd1 Ngf6 11. Ne5 0-0 12. Nd2 Nh5 13. Nxd7 Qxd7 14. Nf3 Nxf4 15. gxf4 Qg4 16. e3 d4 17. h3 Qd7 18. cxd4 Bxf3 19. Qxf3 cxd4 20. e4 Rc2 21. Rab1 Rb8 22. f5 d3 23. fxg6 hxg6 24. Rfd1 Rd8 25. h4 Bd4 26. Rf1 Rxb2 27. Rxb2 Bxb2 28. h5 d2 29. hxg6 fxg6 30. Rd1 Rf8 31. Qb3+ Rf7 32. Qxb2 Qg4 33. Qxd2 Rh7 34. Qd5+ Kg7 35. Qe5+ Kh6 36. f3 Qc8 37. f4 Rf7 38. Rf1 Qa6 39. Qg5+ Kg7 40. f5 Qb6+ 41. Rf2 Rf6 42. Bh3 Qb1+ 43. Kh2 Qxe4 44. Qf4 Qd5 45. Rg2 Qf7 46. Qe5 Kh6 47. fxg6 Rxg6 48. Qh8+ Qh7 49. Qxh7+ Kxh7 50. Bf5 1-0